[Event "Belt and Road Hunan Op A"]
[Site "Changsha CHN"]
[Date "2019.07.29"]
[Round "1.7"]
[White "Vallejo Pons, Francisco"]
[Black "Bilguun, Sumiya"]
[Result "1/2-1/2"]
[WhiteTitle "GM"]
[BlackTitle "IM"]
[WhiteElo "2687"]
[BlackElo "2482"]
[WhiteFideId "2205530"]
[BlackFideId "4901541"]
[EventDate "2019.07.29"]

1. e4 c5 2. Nf3 Nc6 3. Bb5 d6 4. d4 cxd4 5. Qxd4 Bd7 6. Qd3 Nf6 7. Bg5 Rc8 8.
Nc3 Qa5 9. O-O a6 10. Bxc6 Bxc6 11. Rfe1 h6 12. Bxf6 gxf6 13. Nd5 Qd8 14. Nd4 e6
15. Qg3 h5 16. Rad1 Bh6 17. Nb4 Bf8 18. c4 Bd7 19. b3 Qa5 20. Nd3 h4 21. Qf3 Be7
22. Qe2 Qh5 23. f3 Kf8 24. Nf2 Rg8 25. Nc2 Bc6 26. Nd4 Bd7 27. Nc2 Bc6 28. Nd4 1/2-1/2

[Event "Belt and Road Hunan Op A"]
[Site "Changsha CHN"]
[Date "2019.07.29"]
[Round "1.8"]
[White "Khademalsharieh, Sarasadat"]
[Black "Naiditsch, Arkadij"]
[Result "1/2-1/2"]
[WhiteTitle "IM"]
[BlackTitle "GM"]
[WhiteElo "2481"]
[BlackElo "2681"]
[WhiteFideId "12512214"]
[BlackFideId "4650891"]
[EventDate "2019.07.29"]

1. d4 Nf6 2. c4 e6 3. Nf3 d5 4. Nc3 Nbd7 5. Bg5 c6 6. e3 Qa5 7. Nd2 dxc4 8. Bxf6
Nxf6 9. Nxc4 Qc7 10. Rc1 Be7 11. g3 O-O 12. Bg2 c5 13. O-O cxd4 14. Nb5 Qc5 15.
Nxd4 Rd8 16. Qe2 e5 17. b4 Qc7 18. Nb5 Qb8 19. Qb2 Bd7 20. a4 e4 21. Nd2 Bc6 22.
Nc3 Bxb4 23. Qxb4 Rxd2 24. Nxe4 Nxe4 25. Bxe4 Rd6 26. Bxc6 bxc6 27. Qxb8+ Rxb8
28. Rb1 Rxb1 29. Rxb1 g6 30. Rb7 1/2-1/2

[Event "Belt and Road Hunan Op A"]
[Site "Changsha CHN"]
[Date "2019.07.29"]
[Round "1.12"]
[White "Wang, Chen"]
[Black "Adhiban, Baskaran"]
[Result "1-0"]
[WhiteTitle "IM"]
[BlackTitle "GM"]
[WhiteElo "2476"]
[BlackElo "2665"]
[WhiteFideId "8601020"]
[BlackFideId "5018471"]
[EventDate "2019.07.29"]

1. e4 c5 2. Nf3 d6 3. Bb5+ Nd7 4. c3 Nf6 5. Qe2 a6 6. Ba4 b5 7. Bc2 Bb7 8. O-O
c4 9. b3 Rc8 10. bxc4 bxc4 11. Na3 Nc5 12. Nxc4 Bxe4 13. d3 Bg6 14. Ba3 e6 15.
Bxc5 Rxc5 16. Ba4+ Ke7 17. Nd4 Qc7 18. Rfe1 Be4 19. Nxd6 Bd5 20. c4 g6 21. Nxf7
Kxf7 22. cxd5 Qf4 23. dxe6+ Kg7 24. Qe3 Qxe3 25. fxe3 Be7 26. Rac1 Rxc1 27. Rxc1
Nd5 28. Rf1 Bf6 29. Nc2 Rc8 30. Bb3 Nb6 31. Nb4 a5 32. Nd5 Nxd5 33. Bxd5 Rc7 34.
Rb1 Bg5 35. Kf2 Kf6 36. Kf3 Rc5 37. Bc4 1-0

[Event "Belt and Road Hunan Op A"]
[Site "Changsha CHN"]
[Date "2019.07.30"]
[Round "2.2"]
[White "Anton Guijarro, David"]
[Black "Li, Di"]
[Result "1/2-1/2"]
[WhiteTitle "GM"]
[BlackTitle "GM"]
[WhiteElo "2678"]
[BlackElo "2523"]
[WhiteFideId "2285525"]
[BlackFideId "8607508"]
[EventDate "2019.07.29"]

1. c4 e6 2. g3 d5 3. Bg2 Nf6 4. Nf3 dxc4 5. Qa4+ c6 6. Qxc4 b5 7. Qc2 Bb7 8. O-O
Nbd7 9. d3 Rc8 10. a4 Be7 11. Rd1 O-O 12. e4 a6 13. Nc3 b4 14. Nb1 c5 15. Nbd2
Nb8 16. Nc4 Nc6 17. Qe2 Nd7 18. Be3 Nb6 19. d4 cxd4 20. Nxd4 Nxc4 21. Nxc6 Qe8
22. Nxe7+ Qxe7 23. Bd4 e5 24. Rac1 a5 25. Be3 Qe6 26. h4 h6 27. Kh2 Nxe3 28.
Qxe3 Qa2 29. b3 Qb2 30. Rb1 Qc2 31. Rdc1 Qa2 32. Qb6 Rxc1 33. Rxc1 Bc8 34. Qxa5 1/2-1/2

[Event "Belt and Road Hunan Op A"]
[Site "Changsha CHN"]
[Date "2019.07.30"]
[Round "2.3"]
[White "Narayanan, S.L."]
[Black "Cheparinov, Ivan"]
[Result "0-1"]
[WhiteTitle "GM"]
[BlackTitle "GM"]
[WhiteElo "2616"]
[BlackElo "2666"]
[WhiteFideId "5058422"]
[BlackFideId "2905540"]
[EventDate "2019.07.29"]

1. d4 Nf6 2. c4 g6 3. Nc3 d5 4. Nf3 Bg7 5. cxd5 Nxd5 6. e4 Nxc3 7. bxc3 c5 8.
Be3 Qa5 9. Qd2 O-O 10. Rc1 Rd8 11. h4 cxd4 12. cxd4 Qxd2+ 13. Bxd2 Na6 14. Bc4
Bd7 15. Rb1 Rac8 16. Be2 Bc6 17. d5 Bd7 18. Ba5 Re8 19. O-O Nc5 20. Rfe1 Ba4 21.
Bb5 Bxb5 22. Rxb5 b6 23. Bd2 e6 24. d6 e5 25. a4 Nd7 26. Rb3 Rc6 27. a5 Bf8 28.
axb6 axb6 29. Bb4 Bxd6 30. Rd1 Nc5 31. Bxc5 Bxc5 32. Rd7 Rce6 33. g3 h5 34. Kg2
R6e7 35. Rd5 f6 36. Nd2 Ra8 37. Rf3 Kg7 38. Nb3 Ba3 39. Rc3 Ra4 40. Kf3 Rb7 41.
Rb5 Rb4 42. Rd5 Bb2 43. Re3 Rc7 44. Rdd3 Kf7 45. Kg2 Ke6 46. f3 Rc2+ 47. Kf1
Rbc4 48. Re2 f5 49. exf5+ gxf5 50. Rd8 Rxe2 51. Kxe2 Rc2+ 52. Ke1 Bc3+ 53. Kd1
Rf2 54. Rb8 Kd5 55. Rxb6 Kc4 0-1

[Event "Belt and Road Hunan Op A"]
[Site "Changsha CHN"]
[Date "2019.07.30"]
[Round "2.4"]
[White "Lagno, Kateryna"]
[Black "Ganguly, Surya Shekhar"]
[Result "0-1"]
[WhiteTitle "GM"]
[BlackTitle "GM"]
[WhiteElo "2549"]
[BlackElo "2638"]
[WhiteFideId "14109336"]
[BlackFideId "5002150"]
[EventDate "2019.07.29"]

1. e4 e6 2. d4 d5 3. Nc3 Bb4 4. e5 c5 5. a3 Bxc3+ 6. bxc3 Ne7 7. Qg4 cxd4 8. Bd3
Qa5 9. Ne2 O-O 10. Bg5 Ng6 11. Qg3 Nd7 12. h4 dxc3 13. f4 h5 14. Qe3 Qb6 15. Nd4
Nc5 16. g4 Nxd3+ 17. Qxd3 Bd7 18. gxh5 f6 19. exf6 Nxf4 20. Bxf4 e5 21. Bg5 Qxd4
22. Qxd4 exd4 23. O-O-O gxf6 24. Bf4 Bf5 25. Rxd4 Be4 26. Rg1+ Kh7 27. Rg3 Rac8
28. Rd1 Rg8 29. Rdg1 Rxg3 30. Rxg3 d4 31. h6 Re8 32. Rg7+ Kh8 33. Rd7 Bd5 34.
Kb1 Re1+ 35. Bc1 Ba2+ 36. Kxa2 Rxc1 37. Rxd4 Rxc2+ 38. Kb3 Rd2 39. Rc4 c2 40.
Kb2 Rd6 41. Rxc2 Rb6+ 42. Ka2 Kh7 43. Rc5 Kxh6 44. a4 Rb4 45. Ka3 Rxh4 46. Rc7
Rh3+ 47. Kb2 Kg6 48. Rxb7 Rh7 49. Rb8 Rc7 50. Kb3 f5 51. a5 f4 52. Kb4 f3 53.
Rg8+ Kf5 54. Rf8+ Ke4 0-1

[Event "Belt and Road Hunan Op A"]
[Site "Changsha CHN"]
[Date "2019.07.30"]
[Round "2.5"]
[White "Parligras, Mircea-Emilian"]
[Black "Wang, Chen"]
[Result "1-0"]
[WhiteTitle "GM"]
[BlackTitle "IM"]
[WhiteElo "2638"]
[BlackElo "2476"]
[WhiteFideId "1204297"]
[BlackFideId "8601020"]
[EventDate "2019.07.29"]

1. e4 c5 2. Nf3 e6 3. d4 cxd4 4. Nxd4 a6 5. c4 Nf6 6. Nc3 d6 7. Be3 Be7 8. Be2
O-O 9. O-O Qc7 10. Qd2 b6 11. f3 Bb7 12. Rfc1 Nbd7 13. a4 Rac8 14. a5 bxa5 15.
Nb3 Qb8 16. Nxa5 Ba8 17. b4 Ne5 18. Rab1 d5 19. exd5 Bxb4 20. Qd4 Qd6 21. dxe6
Qxd4 22. Bxd4 Bxa5 23. Bxe5 fxe6 24. c5 Rfd8 25. Na4 Bd2 26. Bxa6 Rc6 27. Bb5
Be3+ 28. Kf1 Bxc1 29. Rxc1 Rd5 30. Bxf6 gxf6 31. Bxc6 Bxc6 32. Nb6 Rd2 33. Nc8
Rd7 34. Nd6 Ra7 35. Re1 Bd5 36. Rb1 Ra2 37. Ne8 Kf7 38. Nc7 Rc2 39. Nxd5 exd5
40. Rb7+ Kg6 41. Rc7 d4 42. Rc8 d3 43. Rd8 d2 44. Ke2 d1=Q+ 45. Kxd1 Rxc5 46.
Ke2 Rc2+ 47. Rd2 Rc4 48. Kf2 Ra4 49. Kg3 Ra5 50. Rd4 Rb5 51. Rg4+ Kf7 52. Kh4
Ra5 53. Rb4 Ra2 54. Kh3 Ra5 55. Kh4 Ra2 56. Kg3 Ra5 57. h4 h5 58. Kf4 Kg6 59. g4
Rc5 60. Re4 Ra5 61. Re8 Ra4+ 62. Kg3 Kf7 63. Rd8 Ra5 64. Rd6 Rb5 65. Kf4 Rb4+
66. Kf5 Rb5+ 67. Ke4 Kg6 68. g5 Rb4+ 69. Ke3 Rxh4 70. f4 Rh3+ 71. Ke4 h4 72.
Rxf6+ Kg7 73. Kf5 Rh1 74. Ra6 h3 75. Ra7+ Kf8 76. Kf6 Ke8 77. Ra8+ Kd7 78. Rh8 1-0

[Event "Belt and Road Hunan Op A"]
[Site "Changsha CHN"]
[Date "2019.07.30"]
[Round "2.6"]
[White "Zhao, Chenxi"]
[Black "Nguyen, Ngoc Truong Son"]
[Result "0-1"]
[BlackTitle "GM"]
[WhiteElo "2400"]
[BlackElo "2636"]
[WhiteFideId "8611513"]
[BlackFideId "12401110"]
[EventDate "2019.07.29"]

1. e4 c5 2. Nf3 Nc6 3. Bb5 g6 4. Bxc6 dxc6 5. d3 Bg7 6. Nc3 Nf6 7. Be3 b6 8. h3
O-O 9. O-O e5 10. a3 Qe7 11. Qe2 Nh5 12. Rfb1 Nf4 13. Bxf4 exf4 14. Qd2 g5 15.
Re1 h5 16. e5 g4 17. hxg4 hxg4 18. Nh2 Qg5 19. Qe2 Re8 20. Ne4 Qg6 21. Qd2 Bxe5
22. c3 Bf5 23. d4 Bg7 0-1

[Event "Belt and Road Hunan Op A"]
[Site "Changsha CHN"]
[Date "2019.07.30"]
[Round "2.7"]
[White "Zhao, Jun"]
[Black "Chu, Wei Chao"]
[Result "1/2-1/2"]
[WhiteTitle "GM"]
[BlackTitle "IM"]
[WhiteElo "2636"]
[BlackElo "2406"]
[WhiteFideId "8602522"]
[BlackFideId "8605661"]
[EventDate "2019.07.29"]

1. e4 c5 2. Nc3 d6 3. d4 cxd4 4. Qxd4 a6 5. Bg5 Nc6 6. Qd2 h6 7. Be3 Nf6 8. f4
Ng4 9. Nf3 Nxe3 10. Qxe3 e6 11. O-O-O Qa5 12. h4 Bd7 13. Kb1 O-O-O 14. Bc4 Kb8
15. Bb3 Qc5 16. Qe2 Na5 17. Rd4 Be7 18. Rhd1 Nxb3 19. axb3 Bc6 20. Nd5 Bf8 21.
b4 Qa7 22. Nc3 Be7 23. b5 axb5 24. Nxb5 Qa6 25. c4 Qb6 26. Nc3 Bf6 27. R4d3 Qb4
28. Re3 Qc5 29. Qd3 Rhe8 30. g3 g6 31. Nd4 Bxd4 32. Qxd4 Qxd4 33. Rxd4 f5 34.
Red3 Kc7 35. e5 dxe5 36. Rxd8 Rxd8 37. Rxd8 Kxd8 38. fxe5 g5 39. hxg5 hxg5 40.
Kc2 Ke7 41. b4 Kf7 42. Kd3 Kg6 43. b5 Bg2 44. Ke3 Kf7 45. Kf2 Bh1 46. Na4 Ke8
47. Nc5 Ke7 48. Ke3 Bg2 49. Kf2 Bh1 50. Nb3 b6 51. c5 bxc5 52. Nxc5 Bd5 53. Ke3
Kd8 54. b6 Kc8 55. Kf2 Kb8 56. Ke2 Kc8 57. Ke3 Kb8 58. Kd3 Kc8 59. Kd4 Kb8 60.
Nd7+ Kb7 61. Nf6 Kxb6 62. Nxd5+ exd5 63. e6 Kc7 64. Kxd5 f4 65. gxf4 gxf4 66.
Ke4 Kd6 67. Kxf4 Kxe6 1/2-1/2

[Event "Belt and Road Hunan Op A"]
[Site "Changsha CHN"]
[Date "2019.07.30"]
[Round "2.13"]
[White "Peng, Xiongjian"]
[Black "Vallejo Pons, Francisco"]
[Result "0-1"]
[BlackTitle "GM"]
[WhiteElo "2467"]
[BlackElo "2687"]
[WhiteFideId "8610550"]
[BlackFideId "2205530"]
[EventDate "2019.07.29"]

1. d4 e6 2. c4 f5 3. Nf3 Nf6 4. g3 Bb4+ 5. Nbd2 b6 6. Bg2 Bb7 7. O-O O-O 8. b3
a5 9. a3 Be7 10. Bb2 Na6 11. Qc2 c5 12. Rfd1 Qc8 13. Rac1 a4 14. d5 axb3 15.
Qxb3 Rb8 16. dxe6 d6 17. Nb1 Ne4 18. Nc3 Qxe6 19. Nd5 Bxd5 20. cxd5 Qf7 21. a4
Bf6 22. Bxf6 Qxf6 23. e3 Nb4 24. Ne1 b5 25. axb5 Rxb5 26. Qc4 Rbb8 27. Nd3 Nxd3
28. Qxd3 Rb2 29. Rc2 Rfb8 30. Rdc1 R2b3 31. Qa6 Qe5 32. Bxe4 fxe4 33. Rd1 h5 34.
h4 Kh7 35. Qe2 Qf5 36. Rcd2 Qf3 37. Qxf3 exf3 38. Kh2 Kg6 39. g4 R3b4 40. Rg1
Rxg4 41. Rxg4+ hxg4 42. Kg3 Kf5 43. Rd1 Rc8 44. Re1 Ke4 45. Rc1 c4 46. Rc3 Kxd5
47. Kxg4 Ke4 48. Kg5 d5 49. Kg6 Rh8 50. h5 Rh6+ 51. Kg5 Ra6 52. Rc1 Ra2 53. Rf1
c3 54. Kg6 Ra7 55. Rc1 Rc7 56. Kg5 c2 0-1

[Event "Belt and Road Hunan Op A"]
[Site "Changsha CHN"]
[Date "2019.07.30"]
[Round "2.14"]
[White "Naiditsch, Arkadij"]
[Black "Lou, Yiping"]
[Result "1-0"]
[WhiteTitle "GM"]
[BlackTitle "IM"]
[WhiteElo "2681"]
[BlackElo "2489"]
[WhiteFideId "4650891"]
[BlackFideId "8603928"]
[EventDate "2019.07.29"]

1. e4 c6 2. d4 d5 3. exd5 cxd5 4. Bd3 Nc6 5. c3 Qc7 6. h3 Nf6 7. Nf3 g6 8. Nbd2
Bf5 9. Be2 Bg7 10. Nf1 O-O 11. Ne3 Bd7 12. O-O Rfe8 13. Bd3 Rad8 14. Re1 e5 15.
dxe5 Nxe5 16. Nxe5 Rxe5 17. Nc2 Rxe1+ 18. Qxe1 Re8 19. Qf1 Nh5 20. Be3 Nf4 21.
Bb5 Rd8 22. Bxd7 Rxd7 23. Qb5 Re7 24. Rd1 a6 25. Qf1 Rd7 26. Nb4 d4 27. cxd4 Nd5
28. Rc1 Qd8 29. Nxd5 Rxd5 30. Qc4 b5 31. Qxd5 Qxd5 32. Rc8+ Bf8 33. Bh6 Qd6 34.
g4 f6 35. Rxf8+ Qxf8 36. Bxf8 Kxf8 37. Kg2 Ke7 38. Kf3 Ke6 39. Ke4 a5 40. d5+
Kd6 41. h4 a4 42. g5 1-0

[Event "Belt and Road Hunan Op A"]
[Site "Changsha CHN"]
[Date "2019.07.30"]
[Round "2.15"]
[White "Najer, Evgeniy"]
[Black "Yu, Ruiyuan"]
[Result "1/2-1/2"]
[WhiteTitle "GM"]
[BlackTitle "GM"]
[WhiteElo "2678"]
[BlackElo "2464"]
[WhiteFideId "4118987"]
[BlackFideId "8603090"]
[EventDate "2019.07.29"]

1. e4 c6 2. d4 d5 3. e5 Bf5 4. Nf3 e6 5. Be2 c5 6. Be3 cxd4 7. Nxd4 Ne7 8. O-O
Nbc6 9. Bb5 a6 10. Bxc6+ Nxc6 11. Nxf5 exf5 12. c3 Be7 13. f4 O-O 14. Qb3 Na5
15. Qc2 Qc8 16. Bf2 Bc5 17. Nd2 d4 18. c4 Nc6 19. Rad1 Nb4 20. Qb3 a5 21. Kh1 a4
22. Qh3 Nxa2 23. Nf3 a3 24. Bxd4 Bxd4 25. Nxd4 Qxc4 26. bxa3 Nc3 27. Rc1 1/2-1/2

[Event "Belt and Road Hunan Op A"]
[Site "Changsha CHN"]
[Date "2019.07.30"]
[Round "2.16"]
[White "Bilguun, Sumiya"]
[Black "Motylev, Alexander"]
[Result "1/2-1/2"]
[WhiteTitle "IM"]
[BlackTitle "GM"]
[WhiteElo "2482"]
[BlackElo "2654"]
[WhiteFideId "4901541"]
[BlackFideId "4121830"]
[EventDate "2019.07.29"]

1. e4 c5 2. Nf3 Nc6 3. d4 cxd4 4. Nxd4 e5 5. Nb5 d6 6. c4 Nf6 7. N1c3 a6 8. Na3
Be6 9. Be2 Nd4 10. O-O Rc8 11. Bd3 g6 12. b3 Bg7 13. Ne2 Nc6 14. Nc2 O-O 15. Bg5
h6 16. Bh4 b5 17. Ne3 g5 18. Bg3 bxc4 19. bxc4 Nh5 20. Rb1 Nf4 21. Nc3 Nd4 22.
Ne2 Nc6 23. Nc3 Qa5 24. Ncd5 Rb8 25. Bxf4 exf4 1/2-1/2

[Event "Belt and Road Hunan Op A"]
[Site "Changsha CHN"]
[Date "2019.07.30"]
[Round "2.17"]
[White "Lupulescu, Constantin"]
[Black "Xu, Jun"]
[Result "1/2-1/2"]
[WhiteTitle "GM"]
[BlackTitle "GM"]
[WhiteElo "2649"]
[BlackElo "2477"]
[WhiteFideId "1207822"]
[BlackFideId "8600031"]
[EventDate "2019.07.29"]

1. e4 e5 2. Nf3 Nc6 3. Bc4 Bc5 4. d3 Nf6 5. O-O d6 6. c3 O-O 7. Re1 h6 8. h3 a6
9. a4 Ba7 10. Nbd2 Be6 11. Bxe6 fxe6 12. b4 Nh5 13. Ra2 Nf4 14. Nc4 Qf6 15. b5
Ne7 16. Bxf4 Qxf4 17. b6 Bxb6 18. Nxb6 cxb6 19. Qb3 Qf7 20. Qxb6 Ng6 21. Qxd6
Rfd8 22. Qc5 Rac8 23. Qa5 Rxd3 24. Nxe5 Nxe5 25. Qxe5 Rcxc3 26. Rb2 Kh7 27. Reb1
Rc7 28. f3 Rcd7 29. Rb6 Re7 30. Kh2 Rd2 31. R1b2 Rxb2 32. Rxb2 Rd7 33. f4 Rd1
34. Rb6 Rf1 35. Rxe6 Qxf4+ 36. Qxf4 Rxf4 37. Kg3 Rf7 38. a5 Kg8 39. Re8+ Kh7 40.
Re6 Kg8 41. Rb6 Kf8 42. h4 Rc7 43. Kf4 Rc5 44. e5 Rxa5 45. Rxb7 g6 46. Ke4 Rb5
47. Ra7 a5 48. g3 Kg8 49. e6 Kf8 50. Rf7+ Ke8 51. Rg7 a4 52. Ra7 a3 53. Rxa3 Ke7 1/2-1/2

[Event "Belt and Road Hunan Op A"]
[Site "Changsha CHN"]
[Date "2019.07.30"]
[Round "2.18"]
[White "Zou, Chen"]
[Black "Sethuraman, S.P."]
[Result "0-1"]
[WhiteTitle "FM"]
[BlackTitle "GM"]
[WhiteElo "2440"]
[BlackElo "2630"]
[WhiteFideId "8610959"]
[BlackFideId "5021596"]
[EventDate "2019.07.29"]

1. e4 c5 2. Nf3 d6 3. d4 cxd4 4. Nxd4 Nf6 5. Nc3 Nc6 6. Bg5 e6 7. Qd2 a6 8.
O-O-O Bd7 9. f4 Be7 10. Nf3 b5 11. Bxf6 gxf6 12. Kb1 Qb6 13. f5 O-O-O 14. g3 Kb8
15. fxe6 fxe6 16. Bh3 Na5 17. Nd4 b4 18. Nce2 e5 19. Bxd7 Rxd7 20. Nf5 Nc4 21.
Qd3 Rc8 22. Nc1 a5 23. Nb3 d5 24. exd5 a4 25. Nd2 Na3+ 26. bxa3 Rc3 27. Qe2
bxa3+ 28. Nb3 axb3 29. cxb3 Rxb3+ 30. Ka1 Rb2 31. Rb1 Bb4 32. Qe3 Qb5 33. Rhd1
Qc4 34. Rxb2 axb2+ 35. Kb1 Rc7 36. Qb6+ Ka8 0-1

[Event "Belt and Road Hunan Op A"]
[Site "Changsha CHN"]
[Date "2019.07.30"]
[Round "2.20"]
[White "Zhao, Yuanhe"]
[Black "Zhou, Jianchao"]
[Result "1/2-1/2"]
[BlackTitle "GM"]
[WhiteElo "2448"]
[BlackElo "2608"]
[WhiteFideId "8609497"]
[BlackFideId "8603537"]
[EventDate "2019.07.29"]

1. Nf3 c5 2. g3 Nc6 3. Bg2 Nf6 4. O-O e5 5. c3 d5 6. d4 e4 7. Ne5 Be7 8. Nxc6
bxc6 9. c4 O-O 10. dxc5 Bxc5 11. Nc3 h6 12. cxd5 cxd5 13. Na4 Be7 14. Be3 Be6
15. Bd4 h5 16. Nc5 Bg4 17. h3 Bf5 18. Qd2 Nd7 19. Rac1 Nxc5 20. Bxc5 Bxc5 21.
Rxc5 Be6 22. h4 Qb6 23. Rfc1 a5 24. e3 Qb4 25. R1c3 Rab8 26. Rc2 a4 27. Qd1 a3
28. bxa3 Qb1 29. Rc1 Qxa2 30. Ra1 Qb2 31. Rc2 Qe5 32. a4 g5 33. hxg5 Qxg5 34.
Qd4 h4 35. gxh4 Qxh4 36. f3 Rfc8 37. Rf2 Rc4 38. Qe5 Rbc8 1/2-1/2

[Event "Belt and Road Hunan Op A"]
[Site "Changsha CHN"]
[Date "2019.07.30"]
[Round "2.24"]
[White "Raja, Harshit"]
[Black "Xu, Xiangyu"]
[Result "1/2-1/2"]
[WhiteTitle "IM"]
[BlackTitle "GM"]
[WhiteElo "2434"]
[BlackElo "2585"]
[WhiteFideId "5089000"]
[BlackFideId "8608288"]
[EventDate "2019.07.29"]

1. e4 g6 2. d4 d6 3. Nc3 Bg7 4. Nf3 a6 5. Be2 Nf6 6. O-O O-O 7. a4 Nc6 8. Be3
Ng4 9. Bf4 e5 10. dxe5 Ngxe5 11. Nxe5 dxe5 12. Qxd8 Rxd8 13. Bg5 f6 14. Bc4+ Kh8
15. Be3 Nd4 16. Rad1 Be6 17. Bxe6 Nxe6 18. f3 Kg8 19. Kf2 Kf7 20. g3 Bf8 1/2-1/2

[Event "Belt and Road Hunan Op A"]
[Site "Changsha CHN"]
[Date "2019.07.30"]
[Round "2.31"]
[White "Adhiban, Baskaran"]
[Black "Zhu, Jiner"]
[Result "1/2-1/2"]
[WhiteTitle "GM"]
[BlackTitle "WIM"]
[WhiteElo "2665"]
[BlackElo "2454"]
[WhiteFideId "5018471"]
[BlackFideId "8608059"]
[EventDate "2019.07.29"]

1. d4 Nf6 2. c4 e6 3. Nc3 Bb4 4. e3 d5 5. a3 Bxc3+ 6. bxc3 O-O 7. cxd5 exd5 8.
Bd3 b6 9. Ne2 Ba6 10. O-O Bxd3 11. Qxd3 c5 12. f3 Re8 13. Ng3 Nc6 14. Bb2 h5 15.
Rae1 g6 16. Nh1 Qe7 17. e4 dxe4 18. fxe4 Nxe4 19. Ng3 f5 20. Qc4+ Kg7 21. Rxf5
Qc7 22. Nxh5+ gxh5 23. dxc5 Kg6 24. Ref1 Qd7 25. Qe2 Qxf5 26. Rxf5 Kxf5 27.
Qxh5+ Ke6 28. c4 Kd7 29. cxb6 axb6 30. h4 Kc7 31. Qf7+ Re7 32. Qf4+ Kb7 33. h5
Nc5 34. Qf5 Re2 35. Bg7 Rxa3 36. Qf7+ Re7 37. Qg6 Re6 38. Qf7+ Re7 39. Qg6 Re6
40. Qf7+ Re7 1/2-1/2

[Event "Belt and Road Hunan Op A"]
[Site "Changsha CHN"]
[Date "2019.07.31"]
[Round "3.1"]
[White "Cheparinov, Ivan"]
[Black "Parligras, Mircea-Emilian"]
[Result "1-0"]
[WhiteTitle "GM"]
[BlackTitle "GM"]
[WhiteElo "2666"]
[BlackElo "2638"]
[WhiteFideId "2905540"]
[BlackFideId "1204297"]
[EventDate "2019.07.29"]

1. c4 Nf6 2. Nc3 c5 3. Nf3 Nc6 4. e3 e6 5. d4 d5 6. cxd5 exd5 7. Bb5 cxd4 8.
Nxd4 Bd7 9. O-O Bd6 10. Nf3 Bg4 11. h3 Bh5 12. Be2 O-O 13. b3 Rc8 14. Bb2 Bxf3
15. Bxf3 Be5 16. Rb1 d4 17. Nb5 dxe3 18. Qxd8 exf2+ 19. Rxf2 Rcxd8 20. Bxc6 Bxb2
21. Rbxb2 bxc6 22. Nxa7 c5 23. Nc6 Rd6 24. Ne7+ Kh8 25. Nf5 Re6 26. Rfe2 Ne4 27.
Kh2 g6 28. Ng3 Nxg3 29. Kxg3 Rxe2 30. Rxe2 Kg7 31. Rc2 Ra8 32. Kf4 Kf6 33. g4 h6
34. h4 Ke6 35. h5 Kd5 36. Rd2+ Ke6 37. Re2+ Kd5 38. Rh2 Ra6 39. Rd2+ Ke6 40. Rh2
Kd5 41. hxg6 Rf6+ 42. Ke3 Re6+ 43. Kf3 Rf6+ 44. Kg3 Rxg6 45. Rh5+ Kd4 46. Rf5
Ra6 47. Rf4+ Ke5 48. Rf2 Ke6 49. Rc2 Kf6 50. Kf4 Kg6 51. Kg3 Ra5 52. Kf4 h5 53.
gxh5+ Kxh5 54. Rg2 Rb5 55. Ke4 Ra5 56. Kf3 Rb5 57. Rg7 Ra5 1-0

[Event "Belt and Road Hunan Op A"]
[Site "Changsha CHN"]
[Date "2019.07.31"]
[Round "3.2"]
[White "Ganguly, Surya Shekhar"]
[Black "Nguyen, Ngoc Truong Son"]
[Result "1/2-1/2"]
[WhiteTitle "GM"]
[BlackTitle "GM"]
[WhiteElo "2638"]
[BlackElo "2636"]
[WhiteFideId "5002150"]
[BlackFideId "12401110"]
[EventDate "2019.07.29"]

1. e4 c5 2. Nc3 Nc6 3. Nf3 Nf6 4. Bb5 g6 5. Bxc6 dxc6 6. d3 Bg7 7. Be3 b6 8. h3
O-O 9. Qd2 e5 10. O-O-O Qd6 11. g4 a5 12. Nh4 a4 13. Rhg1 b5 14. f3 b4 15. Ne2
Rd8 16. Bh6 Qe7 17. Qg5 b3 18. cxb3 axb3 19. a3 c4 20. dxc4 Rxa3 21. Rxd8+ Qxd8
22. bxa3 Qd3 23. Qd2 Bxh6 24. g5 b2+ 25. Qxb2 Bf8 26. Qc2 Qxa3+ 27. Kb1 Nh5 28.
Qc3 Qxc3 29. Nxc3 Bc5 30. Rd1 Bxh3 31. Rh1 Be6 32. Nf5 Bxc4 33. Na4 Bb4 34. Nh6+
Kg7 35. Ng4 Bd3+ 36. Ka2 Bc4+ 37. Kb1 Bd3+ 38. Ka2 Bc4+ 1/2-1/2

[Event "Belt and Road Hunan Op A"]
[Site "Changsha CHN"]
[Date "2019.07.31"]
[Round "3.6"]
[White "Vallejo Pons, Francisco"]
[Black "Xu, Yinglun"]
[Result "1-0"]
[WhiteTitle "GM"]
[BlackTitle "GM"]
[WhiteElo "2687"]
[BlackElo "2562"]
[WhiteFideId "2205530"]
[BlackFideId "8604940"]
[EventDate "2019.07.29"]

1. e4 e6 2. d4 d5 3. Nc3 Nf6 4. e5 Nfd7 5. f4 c5 6. Nf3 Nc6 7. Be3 Be7 8. Qd2 a6
9. Be2 O-O 10. O-O b5 11. a3 Bb7 12. Nd1 Qc7 13. Nf2 Rac8 14. c3 Na5 15. Qd1
cxd4 16. Bxd4 Nc4 17. Bd3 Nc5 18. Qc2 h6 19. Rfe1 a5 20. f5 Nxd3 21. Qxd3 exf5
22. Qxf5 Rce8 23. Ng4 Bc5 24. Ng5 hxg5 25. Qxg5 f5 26. exf6 1-0

[Event "Belt and Road Hunan Op A"]
[Site "Changsha CHN"]
[Date "2019.07.31"]
[Round "3.7"]
[White "Zeng, Chongsheng"]
[Black "Naiditsch, Arkadij"]
[Result "1-0"]
[WhiteTitle "GM"]
[BlackTitle "GM"]
[WhiteElo "2551"]
[BlackElo "2681"]
[WhiteFideId "8603847"]
[BlackFideId "4650891"]
[EventDate "2019.07.29"]

1. e4 c5 2. Nf3 Nc6 3. d4 cxd4 4. Nxd4 e5 5. Nb5 d6 6. c4 Be7 7. N1c3 a6 8. Na3
f5 9. exf5 Bxf5 10. Nc2 Nf6 11. Ne3 Be6 12. g3 O-O 13. Bg2 Qd7 14. O-O b5 15.
Ncd5 Rab8 16. b3 bxc4 17. Nxe7+ Nxe7 18. Nxc4 Rfd8 19. Ba3 Nf5 20. Rc1 Rb5 21.
Re1 Qe8 22. Nxd6 Nxd6 23. Bc6 Nf5 24. Bxe8 Rxd1 25. Rcxd1 Nxe8 26. Bb2 Kf7 27.
Rxe5 Rb6 28. Rc5 Ne7 29. f3 Nc6 30. Bc3 Nb8 31. Ba5 Rb7 32. Kf2 h6 33. h4 Bd7
34. Rd4 Nf6 35. Bc7 Bb5 36. Bxb8 Rxb8 37. Rc7+ Kg6 38. g4 Ne8 39. Re7 Rc8 40.
h5+ Kf6 41. Re3 Rc2+ 42. Kg3 Kf7 43. a4 Bc6 44. Rd8 Rb2 45. Rc8 Bd7 46. Ra8 Nc7
47. Ra7 Rc2 48. Re4 1-0